Torschützenkönige der 2. Bundesliga - Statistiken

Allgemein
  • Dieses Quiz wurde 186 mal gespielt
    55 seit der letzten Aktualisierung
  • Das Durchschnittsergebnis liegt bei 13 aus 34
Antwortstatistiken
Tipp Antwort % Korrekt
2015/16 (Bochum) 25 Simon Terodde
90%
2016/17 (Stuttgart) 25 Simon Terodde
90%
2018/19 (Köln) 29 Simon Terodde
90%
2021/22 (Schalke) 30 Simon Terodde
90%
2023/24 (Hamburg) 22 Robert Glatzel
85%
2022/23 (Heidenheim) 25 Tim Kleindienst
66%
2011/12 (Frankfurt) 17 Alex Meier
59%
2004/05 (Köln) 24 Lukas Podolski
56%
2003/04 (Nürnberg) 18 Marek Mintal
54%
2008/09 (Nürnberg) 16 marek Mintal
54%
2023/24 (Berlin) 22 haris Tabakovic
49%
2019/20 (Bielefeld) 21 Fabian Klos
46%
2012/13 (Braunschweig) 19 Domi Kumbela
41%
2023/24 (Düsseldorf) 22 Christos Tzolis
34%
2007/08 (Köln) 20 Milivoje Novakovic
34%
2010/11 (Cottbus) 25 Nils Petersen
34%
2009/10 (Augsburg) 23 Michael Thurk
29%
2014/15 (Karlsruhe) 17 Rouwen Hennings
27%
2024/25 (Hamburg)22 Davie Selke
24%
2011/12 (Fürth) 17 Olivier Occean
24%
2000/01 (Bielefeld) 18 Artur Wichniarek
22%
2001/02 (Bielefeld) 20 Artur Wichniarek
22%
2008/09 (Aachen) 16 Benajmin Auer
22%
2020/21 (Darmstadt) 27 Serdar Dursun
22%
2003/04 (Unterhaching) 18 Francisco Copado,
20%
2017/18 (Kiel) 18 Marvin Duksch
20%
2013/14 (Aue) 15 Jakub Sylvestr,
17%
2005/06 (Fürth) 18 Christian Eigler
15%
2006/07 (Karlsruhe) 19 Giovanni Federico
15%
2008/09 (Duisburg) 16 Cedric Makiadi
12%
2013/14 (Paderborn) 15 Mahir Saglik
10%
2000/01 (Reutlingen) 18 Olivier Djappa
10%
2002/03 (Mainz) 20 Andrij Woronin
7%
2011/12 (Paderborn) 17 Nick Proschwitz
7%
Keine übereinstimmenden Quizze gefunden
Verteilung der Resultate
Anzahl Personen mit jedem Resultat
Perzentil nach korrekt beantworteten Fragen
Ihre Resultats-Entwicklung
Sie haben dieses Quiz seit der letzten Aktualisierung nicht gespielt